[Event "ISR-ch"]
[Site "Ramat Aviv"]
[Date "1998.11.12"]
[Round "3.1"]
[White "Avrukh, Boris"]
[Black "Mikhalevski, Victor"]
[Result "0-1"]
[WhiteElo "2565"]
[BlackElo "2540"]
[Annotator "Mikhalevski,V"]
[PlyCount "68"]
[EventDate "1998.11.08"]
[EventType "k.o."]
[EventRounds "5"]
[EventCountry "ISR"]
[SourceTitle "CBM 068"]
[Source "ChessBase"]
[SourceDate "1999.02.01"]
[SourceVersion "1"]
[SourceVersionDate "1999.02.01"]
[SourceQuality "1"]

{[%mdl 1153] It's always unpleasant to play against your friend especially if
you know that one of you will be out not later than tomorrow. Surprisingly I
played my best game in the tournament.} 1. Nf3 {First move and first surprise.
Boris usually plays 1.d4.} Nf6 2. c4 g6 3. Nc3 d5 4. cxd5 Nxd5 5. Qb3 {Rare,
but poisonous move.The idea is to develop queen side pieces by d4,Bg5(f4)
following by Rd1 preventing from black typical Gruenfeld's counterplay.} Nb6 6.
d4 Be6 $5 (6... Bg7 {is the main line,but I decided to make a contrary
surprise.}) 7. Qc2 $1 (7. Qd1 {is not logical as the main idea of Qb3- Rd1 has
become impossible.} Bg7 8. Bf4 O-O 9. e3 c5 10. Be2 cxd4 11. Nxd4 Bd5 12. Nf3
Bc4 13. Be5 Qxd1+ {1/2-1/2 Gausel,E-Bjerring,K/Gausdal 1990/EXP 16 (13)}) (7.
d5 $6 Bxd5 8. Nxd5 Qxd5 9. Qc3 {[%cal Gc3h8,Gc3c7]} f6 10. Qxc7 Na6 11. Qc3 e5
12. a3 Rc8 13. Qd2 Qb3 14. Qd1 {1/2-1/2 Garcia Ilundain,D-Sion Castro,M/
Ampuriabrava 1997/CBM 62 (14)}) 7... Bg7 $5 (7... Nc6 8. e4 $1 Nb4 (8... Nxd4
$2 9. Nxd4 Qxd4 10. Nb5 Qb4+ 11. Bd2 $18) 9. Qd1 Bg7 (9... c6 10. a3 Na6 11.
Ng5 Bc8 12. Qb3 e6 13. Be3 $14 {0-1 Gausel,E-Thorhallsson,T/Gausdal 1996/EXP
54 (38)}) 10. a3 Na6 11. d5 Bg4 12. Bb5+ Bd7 (12... Nd7 13. h3 Bxf3 14. Qxf3
Nac5 15. Be3 $14 {1/2-1/2 Ekstroem,R-Gobet,F/SWZ-ch 1988/CBM 10 (65)}) 13. Be2
O-O 14. Be3 c6 $132 {1/2-1/2 Gulko,B-Mikhalchishin,A/Frunze 1981/URS-ch (41)})
8. e4 (8. Bf4 $5) 8... O-O $146 (8... c6 9. Bf4 O-O 10. Rd1 Bg4 11. Be2 Bxf3
12. Bxf3 e5 $1 13. Bxe5 Bxe5 14. dxe5 Qe7 15. Be2 Qxe5 16. O-O N8d7 17. Qd2 Nc5
18. Qd6 Qxd6 19. Rxd6 Rfd8 20. Rfd1 Rxd6 21. Rxd6 a5 22. f3 Kf8 23. Kf2 Ke7 24.
Rd1 $14 {1/2-1/2 Alatortsev,V-Flohr,S/Moscow 1945/HCL (62)}) 9. Bg5 $6 $11 {
Ater the game I got to know that Boris missed 11...c5!} (9. Be3 $142) 9... Bg4
$1 10. Ne5 Be6 11. Be3 $2 {This is already a serious mistake.} ({White should
play} 11. Nf3 {submiting with an equality.}) 11... c5 $1 $15 {Black intercepts
the initiative and white is already in a trouble.} 12. d5 {An interesting idea
that is refuted by a queen sacrifice.} (12. dxc5 Bxe5 13. cxb6 axb6 {[%cal
Gb8c6] and black is better.}) 12... Bxd5 $1 {[%cal Gg7e5]} 13. O-O-O $5 {
The point of the previous move.} (13. Nxg6 hxg6 14. exd5 Nxd5 15. Nxd5 Qxd5) (
13. Nxd5 Nxd5 14. Nxf7 $140 $2 Nxe3) (13. exd5 Bxe5) 13... Bxe5 14. Nxd5 Nc6 $1
{[%mdl 512] With this queen sacrifice black puts white on the edge of
precipice.} ({but not} 14... e6 $2 15. Nxb6 Qxb6 16. Bxc5 Bxb2+ 17. Kb1 $1 $18)
15. Nf6+ ({Maybe white should refuse the sacrifice.} 15. Bxc5 Nxd5 16. Rxd5 (
16. exd5 $2 Na5 {[%cal Ga8c8,Gb7b6]}) 16... Qa5 {[%cal Ge7e6]} (16... Qc7 $5))
15... Bxf6 16. Rxd8 Rfxd8 $17 17. Bb5 Nd4 {The safe way to get advantage.} (
17... Nb4 $5 18. Qb3 a5 {is more tricky.} 19. Bxc5 $140 $2 Rac8) 18. Bxd4 (18.
Qd3 $2 c4) 18... Bxd4 {[%cal Gc5c4,Ge7e5][%mdl 1024] Now black's plan is
simple:1)strenghten bishop by e7-e5,2)prevent blocking of c5 pawn by c5-c4 and
finally to attack on the queen side using an extra pawn.} 19. Rd1 c4 $1 {
[%cal Ge7e5,Ga7a6]} 20. Kb1 a6 $1 {Most simple.} (20... e5 {also comes into
cosideration.}) 21. Bxc4 Rac8 22. b3 e5 $1 {[%cal Gd8d6,Gd6c6] This is better
than immediate 22...N:c4 as the b3-square is not available for the white
pieces.} 23. Rd3 Rd6 24. f4 $8 Nxc4 25. bxc4 f6 $6 {After this inaccutarate
move black is still better,but capture on f4 was much simplier.} (25... exf4
$142 26. e5 $140 Rb6+ 27. Rb3 Rbc6 28. Rxb7 Rxc4 29. Qd2 Bxe5 $17) 26. fxe5
fxe5 27. c5 $1 {Now white gets temprory activity.} Rxc5 28. Qb3+ Kh8 $8 ({
but not} 28... Kf8 $4 29. Rf3+) 29. Qf7 Rc8 30. Qf1 $2 {A desicive mistake.} (
30. a4 $1 {was the only chance to continue.In this case black should work much
harder.} Rdc6 $1 31. Ka2 $1 R6c7 $1 32. Qf6+ Kg8 $1 {=/+/-/+}) 30... Kg7 $1 {
Now black's king is safe and the attack decides.} 31. Rb3 Rc7 $1 {It's better
than 31...b5 as b6-square is very important for the attack along the b-file.}
32. g4 Rf7 $1 33. Qd1 {loses immediately.} (33. Rf3 Rb6+ $1 {The reason why b5
wasn't played.} 34. Kc2 (34. Kc1) 34... Rc7+ $19) 33... Rdf6 $19 {Queen is
lost.} 34. Kc2 Rf1 $1 {A good sample of R+B v Q ending.} 0-1

[Event "Moscow Aeroflot op"]
[Site "Moscow"]
[Date "2002.02.09"]
[Round "7"]
[White "Milov, Vadim"]
[Black "Bagirov, Rufat"]
[Result "1-0"]
[WhiteElo "2595"]
[BlackElo "2471"]
[Annotator "Milov,V"]
[PlyCount "109"]
[EventDate "2002.02.04"]
[EventType "swiss"]
[EventRounds "9"]
[EventCountry "RUS"]
[SourceTitle "CBM 088"]
[Source "ChessBase"]
[SourceDate "2002.03.21"]
[SourceVersion "1"]
[SourceVersionDate "2002.03.21"]
[SourceQuality "1"]

1. d4 Nf6 2. c4 g6 3. Nc3 d5 4. cxd5 Nxd5 5. e4 Nxc3 6. bxc3 Bg7 7. Qa4+ Qd7 8.
Qxd7+ Bxd7 9. Ba3 e5 10. Nf3 exd4 11. cxd4 Nc6 12. Rc1 O-O-O (12... Nxd4 13.
Nxd4 Bxd4 14. Rxc7 Rb8 15. Bd3 Be5 16. Rc1 $14) 13. d5 Rhe8 (13... Ne5 14. Bd6
(14. Nd2 $6 Kb8 15. f4 Ng4 $13) 14... Nxf3+ 15. gxf3 c6 16. Bg3 $36) 14. Bd3 (
14. dxc6 Rxe4+ 15. Be2 Bxc6 $13) 14... f5 $5 (14... Ne5 15. Nxe5 Bxe5 16. f3
Kb8 $11 {/\17...c6}) 15. dxc6 Bxc6 16. Bb1 $1 (16. Be2 Rxe4 17. Kf1 Ra4 $17)
16... fxe4 (16... Bxe4 $5 17. Kf1 $14 {/\18.h4} (17. O-O Bxb1 18. Rxb1 Re2 $17)
) (16... Bb5 $2 17. Nd2 Bh6 18. Rd1 $16) 17. Ng5 Rd3 $2 (17... e3 $1 18. Rxc6
$1 (18. f3 Rd2 19. Rc2 Red8 20. Rxd2 Rxd2 $13 {|^}) 18... bxc6 19. Ne4 exf2+
20. Kxf2 Re5 21. Rc1 $13) 18. Bc5 $2 (18. Rxc6 $1 {R.Bagirov} Bc3+ (18... bxc6
19. Bxd3 exd3+ 20. Kd2 Re2+ 21. Kxd3 Rxf2 22. g3 $16) 19. Ke2 Rd2+ 20. Ke3 bxc6
21. Rc1 $1 (21. Nxe4) 21... Rd5 (21... Ba5 22. Nxe4) 22. Rxc3 Rxg5 23. g3 $18)
(18. Bxd3 $2 exd3+ 19. Kd2 (19. Kf1 $4 d2) 19... Re2+ 20. Kxd3 Bb5+ 21. Rc4 Re5
22. Nxh7 Rd5+ $17) (18. Bb4 $5 Rd5 (18... Bb2 19. Rxc6 bxc6 20. Bxd3 $18) (
18... a5 19. Bd2) 19. h4 h6 20. Nh3 a5 21. Bc3 Rc5 22. Bd2 $16) 18... Bb2 (
18... h6 19. Nh3 (19. Bxd3 exd3+ 20. Be3 hxg5 21. Kd2 $13) 19... Bb2 20. Bxd3
exd3+ 21. Kd2 $16 Re2+ $2 22. Kxd3 Bb5+ 23. Rc4 $18) (18... Rd5 19. Be3 $16)
19. Rc2 $2 (19. Bxd3 $2 Bxc1 $19) (19. Rd1 Bc3+ (19... Re5 20. Bxd3 exd3+ 21.
Be3 Bxg2 22. Kd2 $16) 20. Ke2 Re5 (20... Rxd1 21. Rxd1 Ba4 22. Rc1 Bb2 23. Rh1
$18 (23. Rc4 $4 Bb5)) 21. Bxd3 exd3+ 22. Kxd3 Rxc5 23. Ne6 (23. Ne4 Bb5+ 24.
Ke3 Re5 $13) 23... Re5 (23... Bb5+ 24. Kc2 Ba4+ 25. Kc1 Bxd1 26. Rxd1 $18) 24.
Kxc3 Rxe6 25. f3 $16) 19... Ba4 (19... Bc3+ 20. Rxc3 Rxc3 21. Be3 Re7 22. Kd2
Rc4 23. Rc1 Rd7+ 24. Ke1 Rxc1+ 25. Bxc1 $13) 20. Rxb2 Rd1+ 21. Ke2 Rxh1 22.
Nxh7 Rxh2 (22... b6 $5) 23. Nf6 Re6 24. Nxe4 (24. Ng4 Rxg2 $17) 24... Rxg2 (
24... b6 25. Be3 Rxg2 26. Bd3 $13) 25. Be3 Bc6 $13 26. Nc5 Re7 27. Nd3 Rg4 28.
Kd2 Be4 29. Kc3 b6 30. Bc2 Bf5 31. Rb1 Rh7 32. Re1 Rgh4 (32... c5 $5) 33. Bg5
Rh3 $6 (33... Re4 $142 $15) 34. Re8+ Kb7 35. Be3 Rh8 36. Re5 $132 R3h7 37. Bd1
a5 38. Bf3+ Kc8 39. Nf4 Rd7 40. Nd5 Kb8 41. Ne7 Rd3+ 42. Kb2 Rh2 (42... Rf8)
43. Nc6+ $1 (43. Nxf5 Rxf2+ 44. Bxf2 Rxf3 45. Bxb6 cxb6 46. Ne7 $16) 43... Kc8
44. Re8+ Kd7 45. Re7+ Kc8 (45... Kd6 46. Bf4+ Kc5 47. Re5+ Kc4 48. Re2 (48.
Bxh2 Rxf3 49. Bg3 $16) 48... Rxf3 49. Ne5+ Kb4 50. Nxf3 $18) 46. Be2 $1 $18 (
46. Na7+ Kd8 47. Bg5 Rxf3 48. Rh7+ Ke8 49. Rxh2 Bd7 50. Be3 $16) 46... Kb7 (
46... Rxe3 47. Ba6#) 47. Bxd3 Bxd3 48. Nd8+ Ka6 49. Rxc7 Rh4 50. Kc3 Bf5 51.
Nc6 Be4 52. Nb8+ Kb5 53. Nd7 Bd5 54. a3 Rh7 55. a4+ 1-0

[Event "Ciocaltea Memorial"]
[Site "Bucharest"]
[Date "1997.??.??"]
[Round "2"]
[White "Itkis, Boris"]
[Black "Notkin, Maksim"]
[Result "1/2-1/2"]
[WhiteElo "2440"]
[BlackElo "2515"]
[Annotator "Milu,R"]
[PlyCount "106"]
[EventDate "1997.03.??"]
[EventType "tourn"]
[EventRounds "13"]
[EventCountry "ROU"]
[EventCategory "10"]
[SourceTitle "CBM 060"]
[Source "ChessBase"]
[SourceDate "1997.09.29"]
[SourceVersion "1"]
[SourceVersionDate "1997.09.29"]
[SourceQuality "1"]

1. d4 Nf6 2. c4 g6 3. Nc3 d5 4. cxd5 Nxd5 5. e4 Nxc3 6. bxc3 Bg7 7. Be3 {
Normally, Itkis plays the fianchetto systems, but maybe he had just discovered
some weak point in his opponent's repertoire.} c5 8. Qd2 Qa5 9. Rb1 b6 10. Bb5+
Bd7 11. Be2 O-O 12. Nf3 $146 (12. Rc1 Rc8 (12... Bb5 13. d5 Nd7 14. c4 Qxd2+
15. Kxd2 Ba4 16. Nh3 e6 17. Nf4 Rae8 18. f3 Ne5 19. Rc3 Bd7 20. Ra3 exd5 21.
exd5 h5 22. Rxa7 Bf5 23. Rd1 Ra8 24. Rxa8 Rxa8 25. Ke1 Rxa2 26. d6 Nd7 27. Nd5
Kf8 28. Bd3 Bxd3 29. Rxd3 Be5 30. Bh6+ Kg8 31. Ne7+ Kh7 32. Bd2 Bxh2 33. f4 Bg1
34. Nc6 Kg8 35. Ne5 Ra7 36. Nc6 Ra1+ 37. Ke2 Kf8 38. f5 gxf5 39. Rh3 Bd4 40.
Rxh5 Bf6 41. Rxf5 Ra4 42. Kd3 {Karpov,A-Timman,J/FIDE-Wch 1993/CBM 36/[Ftacnik]
/1-0 (53)}) (12... e6 13. Nf3 cxd4 (13... Bc6 14. d5 exd5 15. exd5 Rd8 16. c4
Qxd2+ 17. Kxd2 Ba4 18. Bd1 Bxd1 19. Rhxd1 {1/2-1/2 Cvek,R-David,P/Pardubice op
1995/EXT 95op}) 14. cxd4 Nc6 15. Qxa5 Nxa5 16. Bd2 Rac8 17. O-O Rxc1 18. Rxc1
Rc8 19. Rxc8+ Bxc8 20. Bxa5 bxa5 21. Ne5 f6 22. Nc6 Bb7 23. Nd8 Bxe4 24. Nxe6
Bd5 25. Nxg7 Kxg7 26. a3 Kf7 27. f3 g5 28. Bd3 h6 29. Kf2 Be6 30. Ke3 Ke7 31.
Ke4 Kd6 32. Bb5 Bc8 33. Bc4 Bd7 34. Bf7 Ke7 35. Bb3 Kd6 36. Bc4 Bc8 37. Bf7 Bd7
38. Bg8 Bc8 39. Ba2 Bd7 40. Bf7 {1-0 Malaniuk,V-Vokarev,S/RUS-Cup5 1997/EXP 57}
) 13. d5 c4 14. Nf3 e6 15. O-O exd5 16. exd5 Bf5 17. Nh4 Be4 18. Rfd1 Nd7 19.
Bh6 Nf6 20. Bxg7 Kxg7 21. d6 Rc5 {Nielsen,P-Beshukov,S/Azov 1993/EXP 37/0-1 
(42)}) 12... Bc6 13. Bd3 Rd8 14. Ke2 e6 15. h4 cxd4 16. cxd4 Qxd2+ 17. Kxd2 Bb7
18. Rhc1 Nc6 19. Rc4 Bf8 20. Bg5 Rdc8 21. Bf6 b5 $1 {Having neutralized
white's initiative, Notkin starts to push his queenside majority.} 22. Rc2 (22.
Rxb5 Ba6) (22. Rcc1 Ba3) 22... Nb4 23. Rxc8 Rxc8 24. Ne5 Nxd3 25. Kxd3 b4 {קa2
} 26. f3 a5 27. Nd7 Rc3+ 28. Kd2 (28. Ke2 Ba6+) 28... Bh6+ 29. Bg5 Bg7 30. Bf6
Bh6+ 31. Bg5 Bg7 32. Bf6 Bxf6 {Although he was finding himself in severe time
trouble, Notkin rightly decides to play on.} 33. Nxf6+ Kg7 34. Nd7 Ba6 35. Nc5
Bc4 36. Rb2 Ra3 $2 $138 (36... e5 $1 $17 37. dxe5 Bxa2) 37. Nb3 Kf8 38. Nc1 Ke7
39. Rc2 Bf1 40. Ke1 Bb5 41. Rc5 Bd7 42. Kd2 f5 43. e5 h6 44. Kc2 g5 45. hxg5
hxg5 46. Kb1 g4 47. fxg4 fxg4 48. Ne2 Re3 49. Nf4 Re4 50. g3 a4 51. Rc4 Re1+
52. Kc2 b3+ 53. Kb2 bxa2 1/2-1/2

[Event "Ankara FIDE GP (Women)"]
[Site "Ankara"]
[Date "2012.09.24"]
[Round "8"]
[White "Ju, Wenjun"]
[Black "Cmilyte, Viktorija"]
[Result "1/2-1/2"]
[WhiteElo "2528"]
[BlackElo "2520"]
[Annotator "Miroshnichenko,E"]
[PlyCount "87"]
[EventDate "2012.09.16"]
[EventType "tourn"]
[EventRounds "11"]
[EventCountry "TUR"]
[EventCategory "10"]
[SourceTitle "CBM 151"]
[Source "ChessBase"]
[SourceDate "2012.11.13"]
[SourceVersion "1"]
[SourceVersionDate "2012.11.13"]
[SourceQuality "1"]

{Black played a novelty in ultra fashionable Grunfeld Defence and managed to
equalise without any trouble. However I suspect White's play to be too modest.
} 1. d4 Nf6 2. c4 g6 3. Nc3 d5 4. cxd5 Nxd5 5. e4 Nxc3 6. bxc3 Bg7 7. Be3 c5 8.
Qd2 Qa5 9. Rc1 O-O 10. Nf3 Nd7 11. d5 e6 {A novelty.} ({A huge selection of
moves had been tried before with} 11... Nf6) (11... b5) ({and} 11... Rd8 {
being seemingly most reasonable ones.}) 12. c4 {The endgame arising after this
move is pretty close to equal, so no surprise Victorija managed to hold it.} (
12. dxe6 fxe6 13. Bc4 Ne5 14. Nxe5 Bxe5 15. O-O {doesn't promise much as well.
Perhaps the whole line is not that dangerous for Black.}) 12... Qxd2+ 13. Nxd2
b6 14. Be2 Bb7 15. O-O Rae8 16. Rfe1 f5 $1 {The proper moment to disturb
White's centre.} 17. dxe6 {This leads to simplifications, but it's hard to
suggest anything concrete for White.} (17. f3 exd5 18. cxd5 Bxd5 {and White
doesn't have much for the pawn there.}) 17... Rxe6 18. exf5 gxf5 19. Bf3 Bxf3
20. Nxf3 Ne5 21. Nxe5 Rxe5 22. g3 Rd8 23. Red1 Ree8 24. Kg2 Kf7 25. Kf3 Bf6 26.
h3 h5 27. Rxd8 Rxd8 28. g4 hxg4+ 29. hxg4 fxg4+ 30. Kxg4 Bd4 31. Bg5 Bf6 32.
Rh1 Rd4+ 33. f4 Bg7 34. Re1 Bf8 35. Kf5 Rxc4 36. Rd1 Rd4 37. Rxd4 cxd4 38. Ke4
Bc5 39. Bh4 Ke6 40. Bf2 Kf6 41. Bh4+ Ke6 42. Bf2 Kf6 43. Bh4+ Ke6 44. Bf2
1/2-1/2

[Event "Biel Breisacher Memorial"]
[Site "Biel"]
[Date "2013.07.31"]
[Round "9"]
[White "Moiseenko, Alexander"]
[Black "Vachier Lagrave, Maxime"]
[Result "1-0"]
[WhiteElo "2699"]
[BlackElo "2719"]
[Annotator "Moiseenko,A"]
[PlyCount "81"]
[EventDate "2013.07.22"]
[EventType "tourn"]
[EventRounds "10"]
[EventCountry "SUI"]
[EventCategory "19"]
[SourceTitle "CBM 156"]
[Source "ChessBase"]
[SourceDate "2013.09.17"]
[SourceVersion "1"]
[SourceVersionDate "2013.09.17"]
[SourceQuality "1"]

{This game was played in the 9th round of the Biel chess festival. This
tournament was played in a soccer system. At that moment the leader was
Etienne Bacrot with 12 points, Maxime Vachier-Lagrave and Ding Liren had 11
points and I had 10 points. So this game was very important for us!} 1. d4 Nf6
2. c4 g6 3. Nc3 d5 4. cxd5 Nxd5 5. e4 Nxc3 6. bxc3 Bg7 7. Qa4+ {I have played
this variation a few times} Qd7 8. Qb3 O-O 9. Be3 b6 10. Nf3 Bb7 11. Bd3 c5 12.
O-O cxd4 13. cxd4 Nc6 {Till this moment we were following the game between
Ragger and Vachier Lagrave.} 14. Bb5 $1 {Novelty! This idea was prepared with
Ukrainian GM Aleksandr Zubarev for this game. The pin is annoying for Black
and if the black pawns come to a6 and b5, it will be easy to attack them by
a2-a4!} (14. Rad1 e6 (14... Rac8 15. d5 Na5 16. Qb4 Bc3 17. Qb1 Qa4 18. Bg5 Qb4
19. Qxb4 Bxb4 20. Rb1 Ba3 21. Rfd1 e6 22. dxe6 fxe6 23. h4 Bc5 24. Rb2 Rc7 25.
Rbd2 Kg7 26. Bb5 Bxe4 27. Rd7+ Rf7 28. Rxc7 Rxc7 29. Bf4 Bxf3 30. gxf3 Rf7 31.
Be5+ Kh6 32. Kg2 a6 33. Bxa6 Nc6 34. Bc3 e5 35. Bc4 Rc7 36. Bd5 Nd4 37. Be4 Ra7
38. Bb1 Rf7 39. Be4 Ra7 40. Bd5 Rd7 41. Be4 {1/2 Milov,V (2680)-Krasenkow,M 
(2609)/Antalya 2004/CBM 030/[Krasenkow]}) 15. Bb5 Qd6 16. Bc1 Rfd8 17. Bg5 Nxd4
18. Bxd8 Rxd8 19. Qe3 Qb4 20. Nxd4 Bxd4 21. Qe2 e5 22. Rb1 Qe7 23. Ba6 Bc6 24.
Bb5 Bb7 25. Rbc1 Rd6 26. Ba6 Bc6 27. Bb5 Bb7 28. Kh1 Kg7 29. Qc2 a6 30. Qc7
Qxc7 31. Rxc7 Bxe4 32. Bxa6 Bd5 33. Bc4 Bxc4 34. Rxc4 Bxf2 35. g3 Rd2 36. a4
Ra2 37. Rfc1 Be3 38. Re1 Bd4 39. Rc7 Rf2 40. Rec1 h5 41. R7c2 Rf3 42. Rd1 Kh6
43. Rc4 Rb3 44. Rcxd4 exd4 45. Rxd4 Rb1+ 46. Kg2 Rb2+ 47. Kg1 Rb1+ 48. Kg2 Rb2+
49. Kg1 Kg5 50. Rf4 Ra2 51. h4+ Kh6 52. Rb4 Kg7 53. Rxb6 Rxa4 54. Kg2 Re4 {
1/2 Ragger,M (2655)-Vachier Lagrave,M (2705)/Schwetzingen GER 2013/The Week in
Chess 961}) 14... a6 15. Be2 b5 (15... Nxd4 $2 {is impossible because of} 16.
Bxd4 $1 Bxd4 17. Rad1 e5 18. Nxe5 Qe7 19. Nxf7 {with decisive advantage.}) 16.
d5 $1 {This is the key moment of the opening. White sacrifices an exchange for
a strong initiative.} (16. Rad1 Rac8 17. d5 Na5 18. Qb1 Nc4 $132) 16... Ne5 (
16... Na5 {with the idea of accepting the exchange was the principled move.
But it is not easy for Black to play an unbalanced position against home
preparation.} 17. Qb4 Nc4 18. Bxc4 Bxa1 19. Rxa1 bxc4 20. Rb1 $5 {[%csl Rb7,
Rg7] with strong compensation.}) 17. Nd4 Rfc8 (17... Ng4 18. Bxg4 Qxg4 19. f3
Qd7 20. a4 {with a stable edge for White.}) 18. a4 $1 {[%csl Ra6,Rb5,Rb7]} Nc4
$1 ({The natural} 18... bxa4 $6 19. Rxa4 Rc7 20. h3 {leads to a very
unpleasant position for Black. White will press on the b-file (Rb1 then Rb4)
and Black's pieces are not well coordinated.}) 19. axb5 axb5 20. Rxa8 Rxa8 ({
I think a better move for Black was} 20... Bxa8 21. Nxb5 ({weaker is} 21. Qxb5
$2 Qxb5 22. Nxb5 Nxe3 23. fxe3 Rc2 $44 {with positional compensation}) 21...
Nxe3 22. Qxe3 {but anyway, White has a healthy extra pawn,} {for example} Rb8
23. Rc1 $1 Rxb5 24. Bxb5 Qxb5 25. Rc8+ Bf8 26. h3 Bb7 27. Rb8 Qb2 28. Qf4 Kg7
29. Qc7 Qb1+ 30. Kh2 Qxe4 31. Rxb7 Qxd5 {White still has an advantage, but
Black has good drawing chances.}) 21. Bxc4 bxc4 22. Qxc4 Rc8 ({White does not
lose the exchange, because} 22... Ba6 23. Ra1 Bxc4 $4 24. Rxa8+ Bf8 25. Bh6 {
and mate.}) 23. Qa2 $16 Bxd4 $5 {A very concrete attempt to defend!} 24. Bxd4
e6 25. Ba1 $1 {[%csl Rg7,Rg8]} ({After the logical} 25. Bf6 exd5 26. Qd2 Qd6
27. e5 Qf8 28. h4 h5 {it is not easy to break Black's defence.}) 25... exd5 26.
Qb2 ({The careless} 26. Rd1 $2 {is met by} dxe4) 26... d4 27. f3 {My idea was
to take the pawn on d4 and keep queens, rooks and bishops on board. Any
exchange will increase Black's chances to draw.} Rd8 28. Qb6 $1 Qe7 29. Rd1 f5
({The computer suggests} 29... d3 {but after} 30. Qb2 f6 31. Qxf6 Qxf6 32. Bxf6
Rd6 33. Bc3 Ba6 (33... d2 34. Bxd2 Bc6 35. Kf1 Ba4 36. Ra1 $18) 34. Bd2 $1 {
the ending is winning for White.}) (29... Rd6 30. Qb4 Rd7 31. Qb5 Qd8 32. h3 {
with big pressure.}) 30. exf5 Rd6 ({The sacrifice} 30... Bxf3 {does not work,
because after} 31. gxf3 Qe3+ 32. Kg2 Qe2+ 33. Kg3 Qe5+ 34. Kh3 Qxf5+ 35. Kg2
Qc2+ 36. Kg3 $18 {Black has no more checks.}) 31. Qb3+ Bd5 32. Qb8+ Rd8 33. Qg3
Bf7 34. Qf2 $1 (34. fxg6 Bxg6 35. h4 d3 $16 {is less clear, but also a big
advantage.}) 34... Bb3 $6 ({A more stubborn line is} 34... gxf5 35. Bxd4 {
[%csl Rg8] But I think this position should be winning because Black's king is
very weak.}) 35. Re1 Qd6 36. fxg6 hxg6 37. h3 Qf4 ({In blitz Black could try} 
37... d3 $5 {with the idea} 38. Qb2 $4 ({But of course} 38. Qh4 $18 {is just
mate!}) 38... Qd4+ $1 39. Qxd4 Rxd4 40. Bxd4 d2 41. Ra1 d1=Q+ 42. Rxd1 Bxd1 {
and despite two extra pawns the ending is drawish.}) 38. Re4 Qc1+ 39. Re1 {
Repetition because of slight time pressure.} Qf4 40. Bb2 $18 d3 41. Qb6 {
I was very happy to win such a good game against a very strong opponent.
Despite this loss, next day Maxime showed great fighting skills in the final
round, when he beat Ding Liren in a long and instructive ending.} 1-0

[Event "Asia-ch 5th"]
[Site "Hyderabad"]
[Date "2005.10.09"]
[Round "4"]
[White "Sivanandan, BS."]
[Black "Ganguly, Surya Shekhar"]
[Result "1/2-1/2"]
[WhiteElo "2467"]
[BlackElo "2562"]
[Annotator "Mueller,Karsten"]
[PlyCount "135"]
[EventDate "2005.10.05"]
[EventType "swiss"]
[EventRounds "9"]
[EventCountry "IND"]
[SourceTitle "CBM 110"]
[Source "ChessBase"]
[SourceDate "2006.01.31"]
[SourceVersion "1"]
[SourceVersionDate "2006.01.31"]
[SourceQuality "1"]

1. d4 Nf6 2. c4 g6 3. Nc3 d5 4. cxd5 Nxd5 5. e4 Nxc3 6. bxc3 Bg7 7. Nf3 c5 8.
Rb1 O-O 9. Be2 b6 10. O-O Bb7 11. Qd3 Ba6 12. Qe3 Qd7 13. dxc5 Bxe2 14. Qxe2
bxc5 15. Qc4 Qc6 16. Be3 Nd7 17. Rfd1 Rfc8 18. Rb5 Nb6 19. Qxc5 Qxe4 20. Qb4
Qc2 21. Rc1 Qxa2 22. Bxb6 axb6 23. Qxe7 Rxc3 24. Rcb1 Rc6 25. h4 Bf8 26. Qe4
Rc2 27. Rxb6 Rxf2 28. R6b2 Rxb2 29. Rxb2 Qa7+ 30. Kh1 Rc8 31. Rb1 Qa6 32. Qd5
Qf6 33. Qe5 Qc6 34. Rb8 Rxb8 35. Qxb8 h6 36. Qf4 Qa6 37. Qb8 Kg7 38. Qb2+ Kh7
39. Qb1 Qa5 40. Qd1 Qf5 41. Qd4 Be7 42. Qe5 Qd7 43. h5 Bd6 44. hxg6+ fxg6 45.
Qd5 Qe7 46. Qd4 Qc7 47. Qe4 Qc1+ 48. Qe1 Qf4 49. Qe6 Qc1+ 50. Qe1 Qc5 51. Qe6
Qh5+ 52. Qh3 Qb5 53. Qe6 Qf1+ 54. Ng1 Bf8 55. Kh2 Qf4+ 56. Kh1 h5 57. Nf3 Bg7
58. Qe7 Kh6 59. Qe2 Bc3 60. Qc2 Qe3 61. Qd1 g5 $6 {Danach bedarf der schwarze
Monarch ständigen Schutzes.} (61... Be5 {war ein besserer praktischer Versuch,
auch wenn die Stellung natürlich remis bleibt.}) 62. Qd6+ Kg7 63. Qd7+ Kg6 64.
Qd5 h4 (64... Bf6 65. Qg8+ Bg7 66. Qd5 $11) 65. Qxg5+ $5 {[%mdl 4352]} Qxg5 66.
Nxg5 Kxg5 67. Kh2 Bd4 (67... Be5+ 68. Kh1 $11 (68. Kh3 $4 Bd6 69. g4 hxg3 70.
Kg2 Kg4 $19)) 68. g4 1/2-1/2